[Event "HUN-ch"]
[Site "Budapest"]
[Date "1977.??.??"]
[Round "?"]
[White "Ribli, Zoltan"]
[Black "Hazai, Laszlo"]
[Result "1-0"]
[WhiteElo "2595"]
[BlackElo "2440"]

1.d4 d6 2.Nf3 g6 3.g3 Bg7 4.Bg2 Nf6 5.b3 O-O 6.Bb2 c6 7.O-O Qa5 8.Re1 Qh5
9.e4 Bg4 10.e5 Nd5 11.c4 Nb4 12.a3 N4a6 13.exd6 exd6 14.b4 Nd7 15.Nbd2 Nc7
16.Qb3 d5 17.Ne5 Nxe5 18.dxe5 Rfe8 19.cxd5 cxd5 20.Rac1 Re7 21.b5 Rd8 22.h4 Qf5
23.a4 Bh3 24.Nf3 Bxg2 25.Kxg2 Ne6 26.Qb4 Red7 27.Nd4 Nxd4 28.Bxd4 Bf8 29.Qd2 b6
30.Rc6 Bg7 31.Qf4 Qxf4 32.gxf4 Bf8 33.Kf3 Bc5 34.Ke3 Bxd4+ 35.Kxd4 Kf8 36.h5 Kg7
37.Rg1 Kf8 38.Rh1 Kg7 39.h6+ Kf8 40.Rg1 f5 41.Rgc1 Ke7 42.e6 Rd6 43.Ke5 Rxc6
44.Rxc6 d4 45.Rc7+  1-0

[Event "HUN-ch"]
[Site "Budapest"]
[Date "1977.??.??"]
[Round "?"]
[White "Ribli, Zoltan"]
[Black "Orso, Miklos"]
[Result "1-0"]
[WhiteElo "2595"]
[BlackElo "2200"]

1.c4 b6 2.Nc3 e6 3.e4 Bb7 4.d4 Bb4 5.f3 Qh4+ 6.g3 Qh5 7.Nh3 Bxc3+ 8.bxc3 Qa5
9.Bd2 f5 10.Bd3 fxe4 11.fxe4 Nf6 12.O-O e5 13.Rb1 a6 14.c5 Nc6 15.cxb6 cxb6
16.c4 Qxa2 17.d5 Nd4 18.Rxb6 Bc8 19.Ng5 O-O 20.Rbxf6 Rxf6 21.Qh5 Rxf1+ 22.Bxf1  1-0

[Event "HUN-ch"]
[Site "Budapest"]
[Date "1977.??.??"]
[Round "?"]
[White "Ribli, Zoltan"]
[Black "Perenyi, Bela"]
[Result "1-0"]
[WhiteElo "2595"]
[BlackElo "2270"]

1.c4 Nf6 2.Nc3 g6 3.g3 Bg7 4.Bg2 d6 5.Nf3 O-O 6.O-O Nc6 7.d4 Rb8 8.d5 Na5
9.Nd2 c5 10.Qc2 e5 11.a3 b6 12.b4 Nb7 13.Bb2 Nh5 14.e3 f5 15.f4 Bd7 16.b5 Na5
17.Rae1 Qc7 18.Nd1 Rbe8 19.Nf2 Bc8 20.Nd3 Bf6 21.fxe5 dxe5 22.e4 Nb7 23.exf5 gxf5
24.Qd1 Ng7 25.Qa1 e4 26.Bxf6 exd3 27.Be5 Nd6 28.Rf3 f4 29.Rxd3 Bf5 30.Rf3 fxg3
31.Rxg3 Bg6 32.Ne4 Ngf5 33.Nxd6 Nxd6 34.Bh3 Qd8 35.Be6+ Rxe6 36.dxe6 Nxc4
37.Bg7 Re8 38.Bh6 Qd4+ 39.Qxd4 cxd4 40.Rf3 Bh5 41.Rf2 Kh8 42.e7 Rg8+ 43.Rg2  1-0

[Event "HUN-ch"]
[Site "Budapest"]
[Date "1977.??.??"]
[Round "?"]
[White "Ribli, Zoltan"]
[Black "Portisch, Ferenc"]
[Result "1/2-1/2"]
[WhiteElo "2595"]
[BlackElo "2425"]

1.c4 g6 2.g3 Bg7 3.Bg2 e5 4.Nc3 Nc6 5.e4 d6 6.d3 Be6 7.Nge2 h5 8.h4 Qd7 9.Nd5 Nce7
10.d4 c6 11.Ne3 f5 12.O-O Nf6  1/2-1/2

[Event "HUN-ch"]
[Site "Budapest"]
[Date "1977.??.??"]
[Round "?"]
[White "Ribli, Zoltan"]
[Black "Schneider, Attila"]
[Result "1-0"]
[WhiteElo "2595"]
[BlackElo "2390"]

1.c4 Nf6 2.Nc3 g6 3.e4 d6 4.d4 Bg7 5.f3 O-O 6.Be3 e5 7.d5 Nh5 8.Nge2 f5 9.Qd2 a6
10.O-O-O f4 11.Bf2 b5 12.c5 Nd7 13.c6 Ndf6 14.Kb1 g5 15.h3 Kh8 16.Rg1 Ng8
17.Nc1 Ne7 18.Bd3 Qe8 19.N3e2 Nxc6 20.dxc6 Qxc6 21.Nb3 Qe8 22.Bc2 Rf6 23.Nc3 c6
24.Qe2 Rg6 25.Rd2 Qd8 26.Rc1 Bf8 27.Qd1 Qc7 28.Bd3 Bd7 29.Nd5 Qd8 30.Nb6 Rb8
31.Nxd7 Qxd7 32.Bf1 Qc7 33.h4 gxh4 34.Bxh4 Ng7 35.Rdc2 c5 36.Qd5 a5 37.Bf2 Ne6
38.Rd1 a4 39.Nc1 Nd8 40.Ne2 Nc6 41.Qd2 b4 42.Rcc1 Na5 43.Qd5 c4 44.Nxf4 exf4
45.Bxc4 Nxc4 46.Rxc4  1-0

[Event "HUN-ch"]
[Site "Budapest"]
[Date "1977.??.??"]
[Round "?"]
[White "Lengyel, Levente"]
[Black "Ribli, Zoltan"]
[Result "1/2-1/2"]
[WhiteElo "2415"]
[BlackElo "2595"]

1.Nf3 Nf6 2.c4 e6 3.g3 d5 4.Bg2 dxc4 5.Qa4+ Nbd7 6.O-O c5 7.Qxc4 b6 8.b3 Bb7
9.Bb2 Be7 10.Qc2 O-O 11.d3 Nd5 12.a3 Bf6 13.Nbd2 Rc8 14.Rfc1  1/2-1/2

[Event "HUN-ch"]
[Site "Budapest"]
[Date "1977.??.??"]
[Round "?"]
[White "Rigo, Janos"]
[Black "Ribli, Zoltan"]
[Result "0-1"]
[WhiteElo "2200"]
[BlackElo "2595"]

1.e4 c5 2.Nf3 d6 3.d4 cxd4 4.Nxd4 Nf6 5.Nc3 a6 6.Be2 e5 7.Nb3 Be7 8.g4 h6
9.f4 exf4 10.Bxf4 Nc6 11.h3 Be6 12.Qd2 d5 13.O-O-O dxe4 14.Qe3 Qc8 15.Bd6 Bxd6
16.Rxd6 O-O 17.Nc5 Nb4 18.g5 Nbd5 19.Nxd5 Nxd5 20.Rxd5 Bxd5 21.gxh6 Qc6 22.Rg1 g6
23.Qd4 f6 24.Rxg6+ Kh8 25.Bg4 Rad8 26.Rg7 Qd6 27.Rd7 Qe5 28.Qe3 Qg5 29.Qxg5 fxg5
30.c4 Bc6 31.Rg7 e3 32.Ne6 Rf1+ 33.Kc2 Rd2+ 34.Kc3 a5 35.a3 Ba4  0-1

[Event "HUN-ch"]
[Site "Budapest"]
[Date "1977.??.??"]
[Round "?"]
[White "Tompa, Janos"]
[Black "Ribli, Zoltan"]
[Result "1/2-1/2"]
[WhiteElo "2410"]
[BlackElo "2595"]

1.e4 c5 2.Nf3 d6 3.d4 cxd4 4.Nxd4 Nf6 5.Nc3 a6 6.g3 e6 7.Bg2 Be7 8.O-O O-O
9.b3 Ra7 10.a4 b6 11.Ba3 Rc7 12.Nde2 Bb7 13.Qd4 Rd7 14.h3 Qc7 15.Rfd1 Rc8
16.Rac1 Rdd8 17.Kh2 Ne8 18.Qe3 Bf6 19.Nb1 Nd7 20.Nd4 Qb8 21.Nd2 Nc5 22.Bb4 h5
23.a5 b5 24.f4 h4 25.gxh4 Bxh4 26.Rg1 Bf6 27.N4f3 Nd7 28.c3 e5 29.fxe5 Nxe5
30.Nd4 Nc6 31.Nxc6 Rxc6 32.Kh1 Rdc8 33.Nf3 R6c7 34.Nd4 Re7 35.Nf5 Re5 36.Qd3 Qa8
37.Rce1 Rd8 38.c4 g6 39.Nh6+ Kh7 40.Nxf7 bxc4 41.bxc4 Rd7 42.Nxe5 Bxe5 43.Bc3 Nf6
44.Bxe5 dxe5 45.Qg3 Qe8 46.Qh4+ Kg7 47.Bf3 Rd3 48.Rg3 Bc6 49.Reg1 Rxf3 50.Rxf3 Nxe4
51.Kh2 Qd7 52.Rgf1 Qd2+ 53.R1f2 Nxf2 54.Qf6+ Kh7 55.Rxf2 Qe3 56.Qe7+ Kh6
57.Qf8+ Kh5 58.Qh8+ Kg5 59.Qf6+ Kh5 60.h4 Kg4 61.Qg5+ Qxg5 62.hxg5 Kxg5 63.Kg3 e4
64.c5 e3 65.Rb2 Kf5 66.Rb6 Be4 67.Rxa6 g5 68.Ra7 Kf6 69.a6 g4 70.Rb7 e2 71.Kf2 Bd3
72.Rb4 g3+ 73.Ke1 Kf5  1/2-1/2

[Event "HUN-ch"]
[Site "Budapest"]
[Date "1977.??.??"]
[Round "?"]
[White "Csom, Istvan"]
[Black "Ribli, Zoltan"]
[Result "1/2-1/2"]
[WhiteElo "2535"]
[BlackElo "2595"]

1.c4 g6 2.g3 c5 3.Nc3 Bg7 4.Bg2 Nc6 5.Nf3 e6 6.O-O Nge7 7.d3 O-O 8.Bd2 b6
9.Rb1 Bb7 10.a3 d5 11.cxd5 Nxd5 12.Nxd5 Qxd5 13.Bc3 Rfd8 14.Ne5 Qd6 15.Nxc6 Bxc6
16.Bxc6 Qxc6 17.Bxg7 Kxg7  1/2-1/2

[Event "HUN-ch"]
[Site "Budapest"]
[Date "1977.??.??"]
[Round "?"]
[White "Barczay, Laszlo"]
[Black "Ribli, Zoltan"]
[Result "0-1"]
[WhiteElo "2470"]
[BlackElo "2595"]

1.e4 c5 2.Nf3 e6 3.d4 cxd4 4.Nxd4 a6 5.Nc3 d6 6.Be2 Nf6 7.O-O Be7 8.f4 O-O
9.Be3 Qc7 10.Qe1 b5 11.Bf3 Bb7 12.e5 dxe5 13.fxe5 Nfd7 14.Qg3 Bxf3 15.Nxf3 Bc5
16.Bxc5 Nxc5 17.Rae1 Nc6 18.Ng5 Rad8 19.Rf6 Nxe5 20.Nxh7 Kxh7 21.Rxe5 Kg8
22.Rh6 f5 23.h3 Nd7 24.Rhxe6 Nxe5 25.Qxe5 Qxe5 26.Rxe5 Rd2 27.a4 bxa4 28.Nxa4 Rxc2
29.Nc5 a5 30.Nd3 a4 31.Ra5 Rd8 32.Nf4 Rd4 33.Rxf5 Rxb2 34.Nd5 g6 35.Re5 a3  0-1

[Event "EU-chT"]
[Site "Moscow"]
[Date "1977.??.??"]
[Round "3"]
[White "Hartston, William R"]
[Black "Ribli, Zoltan"]
[Result "0-1"]
[WhiteElo "2475"]
[BlackElo "2595"]

1.d4 Nf6 2.c4 c5 3.d5 d6 4.Nc3 g6 5.e4 Bg7 6.Bd3 O-O 7.Nge2 e6 8.O-O exd5
9.cxd5 Re8 10.Ng3 Na6 11.h3 Nc7 12.a4 b6 13.Bf4 Ba6 14.Bxa6 Nxa6 15.Qd2 c4
16.Rae1 Nc5 17.Bh6 Bh8 18.f4 Nd3 19.Re3 Nd7 20.Ref3 N7c5 21.Qc2 a6 22.Bg5 Qd7
23.f5 Ne5 24.Rf4 b5 25.axb5 axb5 26.f6 b4 27.Nd1 c3 28.Qe2 Qa7 29.Ne3 Qa6
30.Qxa6 Rxa6 31.bxc3 b3 32.Rb1 Rb8 33.Rff1 Ra2 34.Ng4 Nc4 35.Bh6 Nd2 36.Bf4 Rd8
37.Bxd2 Rxd2 38.c4 h5 39.Nh2 Rc2 40.Rf3 b2 41.e5 dxe5 42.Kf1 e4 43.Rf4 Nd3  0-1

[Event "Vrbas"]
[Site "Vrbas"]
[Date "1977.??.??"]
[Round "1"]
[White "Govedarica, Radovan"]
[Black "Ribli, Zoltan"]
[Result "0-1"]
[WhiteElo "2440"]
[BlackElo "2595"]

1.e4 c5 2.Nf3 d6 3.d4 cxd4 4.Qxd4 Nc6 5.Bb5 Qd7 6.Bxc6 bxc6 7.O-O e5 8.Qd3 Nf6
9.c4 Ba6 10.Nc3 Be7 11.b3 O-O 12.Ba3 Rad8 13.Rad1 Rfe8 14.Rfe1 Bf8 15.Qc2 Qc7
16.Qb2 Rb8 17.Qd2 Red8 18.h3 h6 19.Re3 Rd7 20.Rd3 d5 21.Bxf8 Rxf8 22.Qe2 dxc4
23.Rxd7 Nxd7 24.Na4 Bb5 25.Nc3 cxb3 26.Nxb5 cxb5 27.axb3 a6 28.Qd3 Nf6 29.b4 Rc8
30.Ra1 Rd8 31.Qa3 Nxe4 32.Qxa6 Nc3 33.Qa5 Qxa5 34.bxa5 f6 35.a6 Kf7 36.Ra3 b4
37.Rb3 Rd1+ 38.Kh2 Nd5 39.Nh4 Ra1 40.Rd3 Ke6 41.Nf5 Kxf5 42.Rxd5 Rxa6 43.Rb5 Ra2
44.Kg3 Rb2 45.h4 g5 46.hxg5 hxg5 47.Kf3 g4+ 48.Ke3 g3  0-1

[Event "Vrbas"]
[Site "Vrbas"]
[Date "1977.??.??"]
[Round "2"]
[White "Ribli, Zoltan"]
[Black "Gligoric, Svetozar"]
[Result "1/2-1/2"]
[WhiteElo "2595"]
[BlackElo "2565"]

1.c4 Nf6 2.Nc3 c5 3.g3 e6 4.Nf3 b6 5.Bg2 Bb7 6.O-O Be7 7.d4 cxd4 8.Qxd4 O-O
9.Rd1 d6 10.b3 Nbd7 11.Bb2 a6 12.Qe3 Re8 13.Nd4 Bxg2 14.Kxg2 Bf8 15.Rac1 Qc7
16.h3 Rac8 17.Ba3 Qb8 18.Kg1 Qa8 19.Qf3 Qxf3 20.Nxf3 Nc5 21.Bb2 Nfe4 22.Nd4 Nxc3
23.Bxc3 Red8  1/2-1/2

[Event "Vrbas"]
[Site "Vrbas"]
[Date "1977.??.??"]
[Round "11"]
[White "Uhlmann, Wolfgang"]
[Black "Ribli, Zoltan"]
[Result "1/2-1/2"]
[WhiteElo "2555"]
[BlackElo "2595"]

1.c4 c5 2.Nf3 Nf6 3.Nc3 b6 4.g3 Bb7 5.Bg2 e6 6.O-O Be7 7.d4 cxd4 8.Nxd4 Bxg2
9.Kxg2 O-O 10.b3 a6 11.Bb2 d6 12.e3 Ra7 13.Qf3 Rc7 14.Rfd1 Qc8 15.Rac1 Nbd7
16.Ne4 Nxe4 17.Qxe4 Nf6 18.Qf3 Rd8 19.Ne2 Qb8 20.Nf4 Ne8 21.Nh5 Bf8 22.g4 Rdc8
23.Qe2 b5 24.cxb5 axb5 25.a3 Qa8+ 26.e4 Rxc1 27.Rxc1 Rxc1 28.Bxc1 Qc6 29.Bb2 d5
30.Ng3 Nf6 31.Bxf6 gxf6 32.Qf3  1/2-1/2

[Event "IBM"]
[Site "Amsterdam"]
[Date "1978.??.??"]
[Round "1"]
[White "Ribli, Zoltan"]
[Black "Hort, Vlastimil"]
[Result "1-0"]
[WhiteElo "2585"]
[BlackElo "2620"]

1.d4 Nf6 2.c4 c5 3.d5 e6 4.Nc3 exd5 5.cxd5 d6 6.Nf3 g6 7.Nd2 Nbd7 8.e4 Bg7
9.Be2 O-O 10.O-O Re8 11.a4 a6 12.Ra3 Rb8 13.a5 Qc7 14.Qc2 Ra8 15.b3 Re7 16.Bb2 Rb8
17.h3 Ne8 18.Kh1 Nf8 19.Bd3 Bd7 20.f4 Qd8 21.Ra2 Nf6 22.Rf3 Be8 23.Qb1 Bd7
24.Qf1 Ne8 25.Ba1 Bd4 26.Nc4 Bb5 27.Ne2 Bxa1 28.Qxa1 Bxc4 29.bxc4 Nd7 30.Ng3 f6
31.Bc2 Rc8 32.Rb2 Rc7 33.Rfb3 Nf8 34.Rb6 Ng7 35.Rb1 Rf7 36.Qc3 Rce7 37.Nf1 Ne8
38.Nh2 h5 39.Nf3 Ng7 40.e5 fxe5 41.fxe5 Rxf3 42.Qxf3 Rxe5 43.Rxb7 Nf5 44.Bxf5 Rxf5
45.Qc3 Nd7 46.Ra7 Ne5 47.Qb2 Qf8 48.Kh2 h4 49.Qb7 Rf7 50.Qxa6 Qg7 51.Qc8+ Kh7
52.Rxf7  1-0

[Event "IBM"]
[Site "Amsterdam"]
[Date "1978.??.??"]
[Round "7"]
[White "Dzindzichashvili, Roman"]
[Black "Ribli, Zoltan"]
[Result "0-1"]
[WhiteElo "2550"]
[BlackElo "2585"]

1.Nf3 c5 2.c4 Nf6 3.Nc3 e6 4.g3 b6 5.Bg2 Bb7 6.O-O Be7 7.b3 O-O 8.Bb2 d6
9.e3 Nbd7 10.d4 Rb8 11.Qe2 Re8 12.e4 cxd4 13.Nxd4 a6 14.f4 Bf8 15.e5 dxe5
16.fxe5 Nxe5 17.Qxe5 Bd6 18.Qe3 e5 19.Bxb7 exd4 20.Qf3 Re3 21.Qg2 dxc3 22.Bc1 Re7
23.Bf3 Qc7 24.Kh1 h6 25.g4 Bf4 26.h4 g6 27.Bxf4 Qxf4 28.Qh2 Qxh2+ 29.Kxh2 b5
30.cxb5 axb5 31.b4 Rc8 32.Rac1 Rc4 33.Kg3 Ne4+ 34.Kg2 Nd2 35.Rfe1 Rxe1 36.Rxe1 Rxb4
37.Rc1 Rb2 38.Kg3 Nxf3 39.Kxf3 b4 40.a3 bxa3 41.Rxc3 a2 42.Rc8+ Kg7 43.Ra8 Kf6
44.Ra5 Ke6 45.Ke4 Kd6 46.g5  0-1

[Event "IBM"]
[Site "Amsterdam"]
[Date "1978.??.??"]
[Round "8"]
[White "Ribli, Zoltan"]
[Black "Miles, Anthony J"]
[Result "0-1"]
[WhiteElo "2585"]
[BlackElo "2565"]

1.Nf3 Nf6 2.c4 c5 3.Nc3 d5 4.cxd5 Nxd5 5.g3 g6 6.Bg2 Bg7 7.O-O O-O 8.Nxd5 Qxd5
9.d3 Nc6 10.a3 b6 11.Rb1 Bb7 12.b4 Qa2 13.Be3 Nd4 14.Bxd4 cxd4 15.Ra1 Qd5
16.Qa4 Bc6 17.Qc2 Rac8 18.Rfc1 Bd7 19.Qb2 Ba4 20.Ne1 Qd7 21.Qa2 Rc3 22.Rxc3 dxc3
23.Rc1 e6 24.e3 Rc8 25.d4 e5 26.d5 f5 27.Bf1 e4 28.Nc2 Rd8 29.Nd4 Bxd4 30.exd4 c2
31.Bc4 Kf8 32.Bb3 Bxb3 33.Qxb3 Qxd5 34.Qxd5 Rxd5 35.Rxc2 Ke7 36.Rc4 Rd7 37.h4 Ke6
38.b5 Kd5 39.Ra4 h6 40.Kf1 g5 41.hxg5 hxg5 42.Ke2 f4 43.gxf4 gxf4 44.Kd2 Rc7
45.Kd1 e3 46.fxe3 f3 47.Ke1 Ke4 48.Rb4 Rc1+ 49.Kf2 Rc2+ 50.Ke1 Kxe3 51.Rb3+ Kf4
52.d5 Re2+  0-1

[Event "IBM"]
[Site "Amsterdam"]
[Date "1978.??.??"]
[Round "10"]
[White "Ribli, Zoltan"]
[Black "Ree, Hans"]
[Result "1/2-1/2"]
[WhiteElo "2585"]
[BlackElo "2500"]

1.Nf3 Nf6 2.c4 e6 3.g3 d5 4.Bg2 Be7 5.O-O O-O 6.d4 dxc4 7.Qc2 a6 8.a4 Bd7
9.Qxc4 Bc6 10.Rd1 Bd5 11.Qc3 Nc6 12.b3 Nb4 13.Ba3  1/2-1/2

[Event "IBM"]
[Site "Amsterdam"]
[Date "1978.??.??"]
[Round "11"]
[White "Andersson, Ulf"]
[Black "Ribli, Zoltan"]
[Result "1/2-1/2"]
[WhiteElo "2545"]
[BlackElo "2585"]

1.c4 g6 2.g3 Bg7 3.Bg2 c5 4.Nc3 Nc6 5.e3 e6 6.Nge2 Nge7 7.d4 cxd4 8.Nxd4 d5
9.cxd5 Nxd5 10.Nxd5 exd5 11.O-O Nxd4 12.exd4 O-O 13.Be3 Be6 14.Qb3 Qd7 15.Rfc1  1/2-1/2

[Event "IBM"]
[Site "Amsterdam"]
[Date "1978.??.??"]
[Round "12"]
[White "Ribli, Zoltan"]
[Black "Pfleger, Helmut"]
[Result "1/2-1/2"]
[WhiteElo "2585"]
[BlackElo "2530"]

1.c4 e6 2.Nf3 Nf6 3.g3 d5 4.Bg2 Be7 5.O-O O-O 6.d4 c5 7.cxd5 exd5 8.Nc3 Nc6
9.Bg5 c4 10.Ne5 Be6 11.Nxc6 bxc6 12.b3 cxb3 13.axb3 Qb6 14.Qd3 a5 15.Rfb1 Rfb8
16.Na4 Qb5 17.Qc2 g6 18.Rb2 Bf5 19.Qc1 Qb7 20.h3 h5 21.Nc5 Qc8 22.Kh2 Qd8
23.e3 Nd7 24.Bxe7 Qxe7 25.Na4 Qd6 26.Kg1 Rb4 27.Qc3 Rab8 28.Rc1 Qe6  1/2-1/2

[Event "Buenos Aires ol (Men)"]
[Site "Buenos Aires"]
[Date "1978.??.??"]
[Round "?"]
[White "Ribli, Zoltan"]
[Black "Stean, Michael"]
[Result "1/2-1/2"]
[WhiteElo "2585"]
[BlackElo "2510"]

1.d4 Nf6 2.c4 e6 3.Nf3 b6 4.g3 Bb7 5.Bg2 Be7 6.O-O O-O 7.b3 d5 8.cxd5 Nxd5
9.Bb2 Nd7 10.Nbd2 c5 11.Rc1 Rc8 12.a3 cxd4 13.Nxd4 Rxc1 14.Qxc1 Qa8 15.Qb1 N5f6
16.Bxb7 Qxb7 17.Rc1 Rc8 18.Rc2 a6 19.Qc1 Rxc2 20.Qxc2 b5 21.e4 Nc5 22.f3 Nfd7
23.Kg2  1/2-1/2

[Event "Buenos Aires ol (Men)"]
[Site "Buenos Aires"]
[Date "1978.??.??"]
[Round "?"]
[White "Schneider, Lars Ake"]
[Black "Ribli, Zoltan"]
[Result "0-1"]
[WhiteElo "2430"]
[BlackElo "2585"]

1.e4 c5 2.Nf3 d6 3.d4 cxd4 4.Qxd4 Nc6 5.Bb5 Qd7 6.Qd3 a6 7.Bxc6 Qxc6 8.c4 b5
9.Na3 Nf6 10.e5 b4 11.exf6 bxa3 12.b3 gxf6 13.O-O Rg8 14.Kh1 Bb7 15.Bxa3 e6
16.Rfd1 e5 17.Qf5 Rg6 18.Rd2 Be7 19.Rad1 Rd8 20.Rd5 Qd7 21.Qxd7+ Kxd7 22.R5d2 Kc7
23.Ne1 f5 24.f3 e4 25.fxe4 fxe4 26.Nc2 f5 27.c5 f4 28.cxd6+ Bxd6 29.Bxd6+ Rdxd6
30.Rxd6 Rxd6 31.Rxd6 Kxd6 32.Kg1 e3 33.Kf1 Be4 34.Ne1 h5 35.Ke2 h4 36.Nd3 Bxd3+
37.Kxd3 a5 38.a3 Kd5 39.h3 Ke5 40.Ke2 Ke4  0-1

[Event "Buenos Aires ol (Men)"]
[Site "Buenos Aires"]
[Date "1978.??.??"]
[Round "?"]
[White "Ribli, Zoltan"]
[Black "Petrosian, Tigran V"]
[Result "1/2-1/2"]
[WhiteElo "2585"]
[BlackElo "2620"]

1.c4 e5 2.Nc3 Nf6 3.Nf3 Nc6 4.e3 d6 5.d4 g6 6.b3 Bg4 7.Be2 Bg7 8.h3 Bf5 9.dxe5 Ne4
10.Bb2 O-O 11.Nd5 dxe5 12.O-O Re8 13.Qc1 Nb8 14.Rd1 Nd7 15.g4 Be6 16.Qc2 Nef6
17.e4 Bxd5 18.cxd5 h5 19.Rac1 hxg4 20.hxg4 Rc8 21.Nd2 Nh7 22.Qd3 Bh6 23.Rc3 Bf4
24.Kf1 Qh4 25.Qh3 Qxh3+ 26.Rxh3 Ng5 27.Rd3 Nc5 28.Rc3 Ngxe4 29.Nxe4 Nxe4
30.Rc2 Nd6 31.Ba3 e4 32.Bc5 a5 33.a4 Re7 34.Bd4 f5 35.Kg2 Be5 36.Bxe5 Rxe5
37.Rc5 f4 38.f3 b6 39.Rc6 exf3+ 40.Bxf3 Re3 41.Rdc1 Rce8 42.Rxc7 Rxb3  1/2-1/2

[Event "Buenos Aires ol (Men)"]
[Site "Buenos Aires"]
[Date "1978.??.??"]
[Round "?"]
[White "Ribli, Zoltan"]
[Black "Olafsson, Helgi"]
[Result "1-0"]
[WhiteElo "2585"]
[BlackElo "2420"]

1.Nf3 Nf6 2.c4 g6 3.g3 Bg7 4.Bg2 O-O 5.d4 d6 6.Nc3 Nbd7 7.O-O c6 8.e4 e5
9.h3 Qb6 10.Re1 Re8 11.d5 Nc5 12.Rb1 a5 13.Be3 Qc7 14.Nd2 Bd7 15.Bf1 Reb8
16.dxc6 bxc6 17.Bxc5 dxc5 18.Nb3 Bf8 19.Na4 Qa7 20.Qf3 Rb4 21.Nbxc5 Bxc5
22.Nxc5 Qxc5 23.Qxf6 Be6 24.Red1 Re8 25.Rd2 Rbb8 26.Rbd1 Qb4 27.Rc2 Qa4 28.b3 Qa3
29.Rdd2 a4 30.bxa4 Rb1 31.Kg2 Qxa4 32.Be2 Rb4 33.Bg4 Bxg4 34.hxg4 Rxc4 35.Rd7 Rf8
36.Rb2 Rb4 37.Rxb4 Qxb4 38.Qxc6 Qa3 39.Qd5 h6 40.Qc4 Kg7 41.Rc7 g5 42.Qd5 Kg8
43.Qxe5 Qxa2 44.Rc6 Qa8 45.Rxh6 f6 46.Qf5 Qb7 47.Rg6+  1-0

[Event "Buenos Aires ol (Men)"]
[Site "Buenos Aires"]
[Date "1978.??.??"]
[Round "?"]
[White "Ribli, Zoltan"]
[Black "Kuligowski, Adam"]
[Result "1/2-1/2"]
[WhiteElo "2585"]
[BlackElo "2325"]

1.c4 c5 2.Nf3 Nf6 3.Nc3 d5 4.cxd5 Nxd5 5.d4 e6 6.e4 Nxc3 7.bxc3 cxd4 8.cxd4 Nc6
9.Bc4 Bb4+ 10.Bd2 Bxd2+ 11.Qxd2 O-O 12.O-O Qd6 13.Rfd1 Rd8 14.Rac1 Bd7 15.e5 Qe7
16.Qf4 Nb4 17.a3 Nd5 18.Bxd5 exd5 19.Rc7 b6  1/2-1/2

[Event "Buenos Aires ol (Men)"]
[Site "Buenos Aires"]
[Date "1978.??.??"]
[Round "?"]
[White "Ermenkov, Evgenij"]
[Black "Ribli, Zoltan"]
[Result "1/2-1/2"]
[WhiteElo "2520"]
[BlackElo "2585"]

1.e4 c5 2.Nf3 d6 3.d4 cxd4 4.Nxd4 Nf6 5.Nc3 a6 6.Be2 e5 7.Nb3 Be7 8.f4 O-O
9.a4 Nc6 10.O-O Nb4 11.Kh1 Bd7 12.Bf3 b5 13.Be3 Qc7 14.Rf2 Rfc8 15.a5 Qc4
16.Rd2 Be8 17.Nc1 Bc6  1/2-1/2

[Event "Buenos Aires ol (Men)"]
[Site "Buenos Aires"]
[Date "1978.??.??"]
[Round "?"]
[White "Sosonko, Gennadi"]
[Black "Ribli, Zoltan"]
[Result "1/2-1/2"]
[WhiteElo "2575"]
[BlackElo "2585"]

1.d4 Nf6 2.c4 e6 3.g3 c5 4.d5 exd5 5.cxd5 d6 6.Nc3 g6 7.Bg2 Bg7 8.Nf3 O-O
9.O-O Nbd7 10.e4 b5 11.e5 dxe5 12.Nxb5 Ba6 13.a4 Qb6 14.Re1 Rfe8 15.d6 Bxb5
16.axb5 Rad8 17.Ra6 Qxb5 18.Rxa7 Qb6 19.Qa4  1/2-1/2

[Event "Niksic"]
[Site "Niksic"]
[Date "1978.??.??"]
[Round "1"]
[White "Ribli, Zoltan"]
[Black "Andersson, Ulf"]
[Result "1/2-1/2"]
[WhiteElo "2585"]
[BlackElo "2545"]

1.d4 Nf6 2.c4 e6 3.Nf3 b6 4.g3 Ba6 5.b3 Bb4+ 6.Bd2 Bxd2+ 7.Qxd2 c6 8.Qc2 d5
9.Nbd2 Nbd7 10.e4 dxe4 11.Nxe4 O-O 12.Bg2 c5 13.O-O Nxe4 14.Qxe4 Nf6 15.Qe5 Rc8
16.Rfd1 Qe8 17.a4 Bb7 18.a5 h6 19.axb6 axb6 20.Ra7 Be4 21.Rda1 Qd8 22.dxc5 bxc5
23.Qc3 Rc7 24.R7a5 Rd7 25.Ne5 Rd1+ 26.Bf1 Rxa1 27.Qxa1 Qd6 28.Ra6 Qd2 29.Qa5 Qd4
30.Qc7 Bb7 31.Rb6 Ne8 32.Qb8 Be4 33.h3 Qd1 34.Qc8 Nf6 35.Qxc5 Bc2 36.b4 Ne4
37.Qe3 Nd2 38.Qe2 Qc1 39.Rd6 Ne4 40.Rd7 Ra8 41.Qf3 f6 42.Nd3 Bxd3 43.Qxd3 Ra1
44.Rd8+ Kf7 45.Rd7+ Kg8 46.Rd8+ Kf7 47.Kg2 Qe1 48.Qe2 Qb1 49.Qd3 Qe1  1/2-1/2

[Event "Niksic"]
[Site "Niksic"]
[Date "1978.??.??"]
[Round "3"]
[White "Ribli, Zoltan"]
[Black "Portisch, Lajos"]
[Result "1/2-1/2"]
[WhiteElo "2585"]
[BlackElo "2630"]

1.c4 e5 2.Nc3 Nf6 3.Nf3 Nc6 4.d3 g6 5.Nd5 Bg7 6.Bg5 h6 7.Nxf6+ Bxf6 8.Bxf6 Qxf6
9.Nd2 Qe7 10.Ne4 Qb4+ 11.Qd2 Qxd2+  1/2-1/2

[Event "Niksic"]
[Site "Niksic"]
[Date "1978.??.??"]
[Round "4"]
[White "Uhlmann, Wolfgang"]
[Black "Ribli, Zoltan"]
[Result "1-0"]
[WhiteElo "2575"]
[BlackElo "2585"]

1.c4 Nf6 2.Nc3 e6 3.Nf3 d5 4.d4 c5 5.cxd5 Nxd5 6.e3 Nc6 7.Bd3 Be7 8.O-O O-O
9.a3 cxd4 10.exd4 Bf6 11.Re1 g6 12.Bh6 Re8 13.Nxd5 Qxd5 14.Be4 Qd6 15.Be3 Rd8
16.Rc1 Bd7 17.Qd2 Rac8 18.b4 b6 19.Bf4 Qf8 20.d5 exd5 21.Bxd5 Ne7 22.Bh6 Bg7
23.Bxg7 Kxg7 24.Bb3 f6 25.Rxc8 Bxc8 26.Qc3 Ng8 27.h3 Qd6 28.Ng5 Qd2 29.Qxd2 Rxd2
30.Re8  1-0

[Event "Niksic"]
[Site "Niksic"]
[Date "1978.??.??"]
[Round "5"]
[White "Ribli, Zoltan"]
[Black "Ljubojevic, Ljubomir"]
[Result "1-0"]
[WhiteElo "2585"]
[BlackElo "2605"]

1.Nf3 c5 2.g3 d5 3.Bg2 Nc6 4.d4 e6 5.O-O Qb6 6.dxc5 Bxc5 7.c4 Nf6 8.cxd5 Nxd5
9.e4 Nf6 10.Nc3 Ng4 11.Qe2 Bd7 12.Bf4 e5 13.Bg5 h6 14.Nd5 Qa5 15.Bd2 Qd8
16.Bc3 O-O 17.Rad1 Be6 18.b4 Nd4 19.Bxd4 Bxd4 20.Nxd4 exd4 21.Rxd4 Rc8 22.e5 h5
23.h3  1-0

[Event "Niksic"]
[Site "Niksic"]
[Date "1978.??.??"]
[Round "7"]
[White "Gulko, Boris F"]
[Black "Ribli, Zoltan"]
[Result "1/2-1/2"]
[WhiteElo "2565"]
[BlackElo "2585"]

1.d4 d5 2.c4 dxc4 3.e4 e5 4.Nf3 Bb4+ 5.Nc3 exd4 6.Qxd4 Qxd4 7.Nxd4 Nf6 8.f3 Bd7
9.Bxc4 Nc6 10.Nxc6 Bxc6 11.Bg5 Nd7 12.O-O-O f6 13.Bf4 Bxc3 14.bxc3 O-O-O
15.Rd4 Ne5 16.Be6+ Bd7 17.Bb3 Bb5  1/2-1/2

[Event "Niksic"]
[Site "Niksic"]
[Date "1978.??.??"]
[Round "9"]
[White "Ivanovic, Bozidar"]
[Black "Ribli, Zoltan"]
[Result "1/2-1/2"]
[WhiteElo "2460"]
[BlackElo "2585"]

1.e4 c5 2.Nf3 d6 3.d4 cxd4 4.Nxd4 Nf6 5.Nc3 Nc6 6.Bc4 Qb6 7.Nb3 e6 8.O-O Be7
9.a4 O-O 10.Nd2 a6 11.Kh1 Rd8 12.Bd3 Qc7 13.f4 b6 14.Qe1 Bb7 15.Nf3 Nb4 16.Bd2 Rac8
17.Rc1 Qb8 18.Ng5 h6 19.Nf3 Ba8 20.h3 Qb7 21.Kh2 Nd7 22.Qg3 Kh8 23.Rce1 Nc5
24.Nh4 Bxh4 25.Qxh4 f5 26.Qg3 d5 27.exf5 Nbxd3 28.cxd3 exf5 29.Re5 d4 30.Rfe1 Nxd3
31.Re7 Qxg2+ 32.Qxg2 Bxg2 33.Rg1 dxc3 34.Rxg2 Re8 35.Rxe8+ Rxe8 36.Bxc3 Re7
37.Rg6 Kh7 38.Rxb6 Nxf4 39.Rxa6 Nd5 40.Bd4 Re4 41.Bc3 Nxc3 42.bxc3 Rc4 43.a5 Rxc3
44.Rb6 Ra3 45.a6 g5 46.h4 Ra2+ 47.Kg3  1/2-1/2

[Event "Niksic"]
[Site "Niksic"]
[Date "1978.??.??"]
[Round "10"]
[White "Ribli, Zoltan"]
[Black "Vaganian, Rafael A"]
[Result "1/2-1/2"]
[WhiteElo "2585"]
[BlackElo "2555"]

1.Nf3 d5 2.d4 Nf6 3.c4 e6 4.Nc3 Be7 5.Bg5 h6 6.Bh4 O-O 7.e3 b6 8.Be2 Bb7
9.Bxf6 Bxf6 10.cxd5 exd5 11.O-O Qe7 12.Qb3 Rd8 13.Rfe1 c5 14.dxc5 Bxc3 15.Qxc3 bxc5
16.Rac1 Nd7 17.Qa3 Rdc8 18.Nd4 Qg5 19.Nf3 Qe7 20.Rc2 a5 21.Nd2 Qh4 22.Rec1 Qb4
23.Qc3 Nf6 24.h3 Ba6 25.Bxa6 Rxa6 26.Qxb4 axb4 27.Rxc5 Rxc5 28.Rxc5 Rxa2
29.Rc8+ Kh7 30.Rc2 Ne4 31.Nb3 Kg6 32.Kf1 Nc3 33.Nc1 Ra1 34.bxc3 b3 35.Rb2 Rxc1+
36.Ke2 Rxc3  1/2-1/2

[Event "IBM"]
[Site "Amsterdam"]
[Date "1980.??.??"]
[Round "?"]
[White "Ribli, Zoltan"]
[Black "Larsen, Bent"]
[Result "1-0"]
[WhiteElo "2610"]
[BlackElo "2585"]

1.Nf3 Nf6 2.c4 g6 3.Nc3 Bg7 4.d4 O-O 5.g3 d6 6.Bg2 c6 7.O-O Bf5 8.b3 Ne4
9.Bb2 Na6 10.Rc1 Rc8 11.Nh4 Nxc3 12.Bxc3 Bg4 13.h3 Bd7 14.Qd2 d5 15.cxd5 cxd5
16.Bxd5 Bxh3 17.Bxb7 Rxc3 18.Rxc3 Bxf1 19.Kxf1 Qb6 20.Bxa6 Qxa6 21.Nf3 Rd8
22.Rd3 Rc8 23.d5 Qd6 24.Kg2 Rc5 25.e4 Qc7 26.Qf4 Qxf4 27.gxf4 Bb2 28.e5 Kf8
29.Ng5 h6 30.Ne4 Rc2 31.d6 exd6 32.Rxd6 Ke7 33.Kf3 g5 34.a4 gxf4 35.Kxf4 Rc1
36.Kf5 Rh1 37.Nf6 h5 38.Rd7+ Kf8 39.Rd8+ Kg7 40.Rg8+ Kh6 41.Rh8+ Kg7 42.Rxh5 Rf1
43.Rg5+ Kh6 44.Ng4+ Kh7 45.Kf6  1-0

[Event "IBM"]
[Site "Amsterdam"]
[Date "1980.??.??"]
[Round "?"]
[White "Hort, Vlastimil"]
[Black "Ribli, Zoltan"]
[Result "1/2-1/2"]
[WhiteElo "2595"]
[BlackElo "2610"]

1.e4 c5 2.Nc3 d6 3.Nge2 e6 4.d4 cxd4 5.Nxd4 a6 6.Be2 Nf6 7.f4 Be7 8.Bf3 O-O
9.O-O Qc7 10.Qe2 Nc6 11.Nb3 b5 12.a3 Bb7 13.Be3 Rac8 14.Qf2 Rfe8 15.Rfd1 Ba8
16.Rd2 Qb8 17.g4 b4 18.axb4 Nxb4 19.Ba7 Qb7 20.Na5 Qc7 21.Bb6 Qb8 22.Ba7 Qc7
23.Bb6 Qb8 24.Ba7  1/2-1/2